000 00536cam a2200217 a 4500
001 16055185
005 20180302043252.0
008 100114s2011 mauab 001 0 eng
010 _a 2010920686
020 _a9780495897538 (pbk.)
040 _aDLC
_cDLC
041 _aeng
042 _apcc
080 _a37
100 1 _a25
101 _aEDU
245 1 4 _aThe call to write /
_cJohn Trimbur.
906 _a7
_bcbc
_corignew
_d2
_eepcn
_f20
_gy-gencatlg
942 _2ddc
_cBK
999 _c43974
_d43974